000
00298nam a22001337a 4500
008
170405b xxu||||| |||| 00| 0 eng d
020
_a
9789280811551
041
_a
eng
080
_a
574
100
_a
9
101
_a
SHM
245
_a
MAKING CHOICES ABOUT HYDROGEN
_c
MYTELKA, L.K
942
_2
udc
_c
BK
999
_c
9713
_d
9713